[Event "Deutsche Ländermeisterschaft 2015"]
[Site "Hannover GER"]
[Date "2015.10.06"]
[Round "6"]
[White "Abele, Anais"]
[Black "Huppert, Anna"]
[Result "1-0"]
[Termination "normal"]
[Board "8.8"]
[WhiteElo "1457"]
[BlackElo "967"]
[WhiteTeam "Niedersachsen 2"]
[BlackTeam "Saarland"]
[PlyCount "97"]
[WhiteFideId "16208927"]
[BlackFideId "16214439"]
[EventCountry "GER"]
[EventRounds "7"]
[EventType "team-swiss"]
[EventDate "2015.10.02"]

1. e4 e6 2. Nf3 d5 3. Nc3 d4 4. Ne2 Nc6 5. Ng3 Bd7 6. Bc4 Bd6 7. a3 Nf6 8. d3
Qe7 9. Qe2 O-O-O 10. e5 Bxe5 11. Nxe5 Nxe5 12. Qxe5 Rhg8 13. Bf4 Bc6 14. f3 Bd5
15. Bxd5 Rxd5 16. Qe2 g5 17. Bd2 Qc5 18. Bb4 Qc6 19. O-O-O Rb5 20. Ne4 Nd5 21.
Bd2 Qb6 22. b3 Qc6 23. Kb2 Nb6 24. Be1 Na4+ 25. Ka1 Nc5 26. Nxc5 Rxc5 27. Rc1
Qa6 28. Bb4 Rb5 29. Kb2 c5 30. Be1 Qb6 31. a4 Ra5 32. Bxa5 Qxa5 33. Rhe1 Qc3+
34. Ka2 b5 35. Qe4 bxa4 36. Qa8+ Kd7 37. Qxg8 axb3+ 38. cxb3 Qd2+ 39. Kb1 Qxd3+
40. Rc2 Qxb3+ 41. Kc1 Qa3+ 42. Kd1 Qb3 43. Qxf7+ Kd6 44. Qxe6+ Kc7 45. Qxb3 h6
46. Qe6 a5 47. Qxh6 d3 48. Re7+ Kd8 49. Qf8# 1-0